| 000 | 00800nam a2200253Ia 4500 | ||
|---|---|---|---|
| 003 | OSt | ||
| 005 | 20221005072646.0 | ||
| 006 | a|||||r|||| 00| 0 | ||
| 007 | ta | ||
| 008 | 221004b |||||||| |||| 00| 0 urd d | ||
| 020 |
_a9788182234512 (hbk) _c150 |
||
| 024 | _a32700 | ||
| 037 |
_b5722/14, 09/03/2010, Modern Publishing House _cTextual |
||
| 040 |
_aCRL _cCRL _burd |
||
| 041 |
_2urd _aurd |
||
| 082 | _aO168,8N46x, P8 | ||
| 100 |
_aIkram-Ul-Haq Mohammad Au. _9607374 |
||
| 245 | 0 | _aEk kamra sara jahan | |
| 260 |
_aNew Delhi _bEducational publishing house India _c2008 |
||
| 300 |
_a224p. _ccm. |
||
| 650 | _aURDU SATIRE | ||
| 942 |
_hO168,8N46x, P8 _cTEXL _2cc |
||
| 999 |
_c979830 _d979830 |
||